Sports Quiz

Random Sports or NFL Quiz
Score 0/47 Timer 05:00
3 Plays Today
Year Player % Correct
2009Peyton Manning
99.4%
2008Peyton Manning
99.3%
2009Drew Brees
98.3%
2006Peyton Manning
97.7%
2005Peyton Manning
97.7%
2004Peyton Manning
97.6%
2003Peyton Manning
97.4%
2007Tom Brady
96.9%
2005Tom Brady
96.5%
2006Drew Brees
96.5%
2003Tom Brady
96%
2009Philip Rivers
95.2%
2007Brett Favre
93.6%
2009Brett Favre
93.5%
2008Philip Rivers
93.2%
2000Peyton Manning
92.9%
2002Brett Favre
92.8%
2001Brett Favre
91.9%
2006Ladainian Tomlinson
90.9%
2008Kurt Warner
90%
2001Kurt Warner
89.3%
2008Adrian Peterson
88.7%
2003Jamal Lewis
83.6%
2005Shaun Alexander
83.2%
Year Player % Correct
2003Ray Lewis
82.5%
2001Marshall Faulk
82.2%
2000Marshall Faulk
81.2%
2000Ray Lewis
79.5%
2003Steve McNair
79%
2002Steve McNair
78.4%
2008Chris Johnson
78.2%
2000Donovan McNabb
77.5%
2002Rich Gannon
75.6%
2004Michael Vick
73.9%
2002Michael Vick
72.3%
2000Rich Gannon
72.1%
2005Tiki Barber
71.1%
2003Priest Holmes
69.6%
2002Priest Holmes
69.2%
2005Carson Palmer
66.2%
2008Michael Turner
61%
2000Eddie George
60.8%
2001Brian Urlacher
46.8%
2008James Harrison
45.7%
2008Chad Pennington
39%
2002Derrick Brooks
37.6%
2001Kordell Stewart
31.1%
Remove Ads.
Support Sporcle.
Get the best of Sporcle when you Go Orange. This ad-free experience offers more features, more stats, and more fun while also helping to support Sporcle. Thank you for becoming a member.

You're not logged in!

Compare scores with friends on all Sporcle quizzes.
OR
Log In

Sporcle TV

Today on Sporcle TV


Watch our educational content, quiz creation guides, and fun videos on Sporcle TV.

Show Comments

Extras

Top Quizzes Today


Score Distribution

Paid Content

Your Account Isn't Verified!

In order to create a playlist on Sporcle, you need to verify the email address you used during registration. Go to your Sporcle Settings to finish the process.

Report this User

Report this user for behavior that violates our Community Guidelines.

Details: